000 00401nam a2200157Ia 4500
008 220803s9999 xx 000 0 und d
020 _a978-81-291-0175-4
041 _aeng
082 _a823 TAG
100 _aTagore R
_923521
245 _aRabindranath Tagore Omnibus
260 _aNew Delhi
_bRupa And Co.
_c2003
300 _a1010p
500 _aArchitecture
650 _aEnglish Literature
_923522
999 _c15028
_d15028